Szczegóły MARC21

Logika odkrycia naukowego /

003 -Nazwa inst., której nr kontr. jest w polu 001 [,]
    • @
    • Nazwa instytucji, której n kontrolny jest w polu 001
    • NUKAT
005 -DATA I CZAS OSTATNIEJ MODYFIKACJI [,]
    • @
    • pole kontrolne
    • 20260401190440.0
020 -Międzynarod. znormalizowany nr książki - ISBN [ , ]
    • a
    • Numer ISBN
    • 8389372010 Find
040 -Instytucja sporządzająca opis [ , ]
    • a
    • Instytucja, która sporządziła opis (NP)
    • KR 295/MP
    • c
    • Instytucja, która sporządziła rekord (NP)
    • KR 295/MP
    • d
    • Instytucja, która zmodyfikowała rekord (P)
    • KR 295/MP
    • d
    • Instytucja, która zmodyfikowała rekord (P)
    • WR O/IS
    • d
    • Instytucja, która zmodyfikowała rekord (P)
    • WA U/ASO
    • d
    • Instytucja, która zmodyfikowała rekord (P)
    • KR 93/MPs
    • d
    • Instytucja, która zmodyfikowała rekord (P)
    • SZCZ U/JS
    • d
    • Instytucja, która zmodyfikowała rekord (P)
    • WA 14/PTs
041 -Język dokumentu [1, ]
    • a
    • Język tekstu (P)
    • polski
    • h
    • Język tekstu oryginalnego i/lub pośredniego (P)
    • angielski
    • h
    • Język tekstu oryginalnego i/lub pośredniego (P)
    • niemiecki
942 -Rodzaj dokumentu [ , ]
    • c
    • Rodzaj dokumentu
    • Książka
100 -Hasło główne - nazwa osobowa [1, ]
    • a
    • Nazwa osobowa (NP)
    • Popper, Karl Raimund
    • d
    • Daty biograficzne (NP)
    • (1902-1994).
    • 9
    • KHW
    • 27601
240 -Tytuł ujednolicony [1,0]
    • a
    • Tytuł ujednolicony
    • Logik der Forschung
    • l
    • Język tekstu
    • (pol.)
    • 9
    • KHW
    • 70130
245 -Strefa tytułu i oznaczenia odpowiedzialności [1,0]
    • a
    • Tytuł
    • Logika odkrycia naukowego / Find
    • c
    • Pozostałe elementy strefy tytułu i oznaczenia odpowiedzialności (NP)
    • Karl R. Popper ; przeł. Urszula Niklas.
246 -Wariant tytułu [1, ]
    • i
    • Tekst wyświetlany na ekranie monitora (NP)
    • Podst. przekł.:
    • a
    • Tytuł (NP)
    • Logic of scientific discovery
260 -Strefa adresu wydawniczego [ , ]
    • a
    • Miejsce wydania (P)
    • Warszawa :
    • b
    • Nazwa wydawcy (P)
    • Fundacja Aletheia,
    • c
    • Data wydania (P)
    • 2002.
300 -Strefa opisu fizycznego [ , ]
    • a
    • Określenie formy książki i/lub objętość (NP)
    • 503 s. ;
    • c
    • Format (NP)
    • 21 cm.
336 -Typ zawartości [ , ]
    • a
    • Termin opisujący typ zawartości
    • Tekst
    • b
    • Kod określający zawartość
    • txt
    • 2
    • Źródło (terminu i kodu)
    • rdacontent
337 -Typ mediów [ , ]
    • a
    • Tryb odtwarzania
    • Bez urządzenia pośredniczącego
    • b
    • Kod typu mediów
    • n
    • 2
    • Źródło (terminu i kodu)
    • rdamedia
338 -Typ/rodzaj nośnika [ , ]
    • a
    • Hasło opisujące typ nośnika
    • Wolumin
    • b
    • Kod typu nośnika
    • nc
    • 2
    • Źródło (terminu i kodu)
    • rdacarrier
380 -Deskryptor - Forma dzieła (P) [ , ]
    • a
    • forma dzieła (NP)
    • Książki
380 -Deskryptor - Forma dzieła (P) [ , ]
    • a
    • forma dzieła (NP)
    • Publikacje naukowe
385 -Deskryptor - grupa odbiorców (P) [ , ]
    • a
    • termin określający odbiorcę (P)
    • Pracownicy naukowi i pracownice naukowe
388 -Deskryptor - czas powstania dzieła (P) [1, ]
    • a
    • Czas powstania dzieła (NP)
    • 1901-2000
388 -Deskryptor - czas powstania dzieła (P) [1, ]
    • a
    • Czas powstania dzieła (NP)
    • 1945-1989
080 -Uniwersalna Klasyfikacja Dziesiętna [ , ]
    • 2
    • Identyfikator wydania tablic
    • UDC-P058
    • 9
    • UKD
    • 2468
    • a
    • Symbol klasyfikacji
    • 165
    • b
    • Dopowiedzenie
    • Teoria poznania. Epistemologia. Zadania i cele poznania. Prawdziwość poznania. Warunki, źródła i rodzaje poznania. Przedmiot, zakres i granice poznania. Stanowiska i kierunki w teorii poznania. Racjonalizm. Irracjonalizm. Intuicjonizm. Filozofia wiary. Tradycjonalizm. Mistycyzm. Filozofia uczucia. Empiryzm. Sensualizm. Psychologizm. Krytycyzm. Dogmatyzm. Sceptycyzm. Nihilizm. Relatywizm. Nominalizm. Pozytywizm. Agnostycyzm. Pragmatyzm. Humanizm. Strukturalizm. Subiektywizm. Realizm teoriopoznawczy. Fenomenologia.
080 -Uniwersalna Klasyfikacja Dziesiętna [ , ]
    • 2
    • Identyfikator wydania tablic
    • UDC-P058
    • 9
    • UKD
    • 2469
    • a
    • Symbol klasyfikacji
    • 167/168
    • b
    • Dopowiedzenie
    • Metodologia. Badania naukowe. Metody naukowe. Metoda analityczna. Metoda syntetyczna. Klasyfikacja. Hipotezy. Dowód. Prawa i reguły naukowe. Teorie naukowe. Systematyka naukowa. Klasyfikacja nauk.
650 -Hasło przedmiotowe [ ,7]
    • a
    • Hasło przedmiotowe
    • Nauka
    • x
    • Określnik rzeczowy
    • metodologia.
    • 2
    • Źródło terminu
    • kaba
    • 9
    • KHW
    • 120770
650 -Hasło przedmiotowe [ ,7]
    • a
    • Hasło przedmiotowe
    • Epistemologia.
    • 2
    • Źródło terminu
    • kaba
    • 9
    • KHW
    • 107821
650 -Hasło przedmiotowe [ ,7]
    • a
    • Hasło przedmiotowe
    • Odkrycia naukowe.
    • 2
    • Źródło terminu
    • kaba
    • 9
    • KHW
    • 121927
650 -Hasło przedmiotowe [ ,7]
    • a
    • Hasło przedmiotowe
    • Metodologia
    • 2
    • Źródło terminu
    • DBN
    • 9
    • KHW
    • 721542
650 -Hasło przedmiotowe [ ,7]
    • a
    • Hasło przedmiotowe
    • Neopozytywizm
    • 2
    • Źródło terminu
    • DBN
650 -Hasło przedmiotowe [ ,7]
    • a
    • Hasło przedmiotowe
    • Nauki empiryczne
    • 2
    • Źródło terminu
    • DBN
650 -Hasło przedmiotowe [ ,7]
    • a
    • Hasło przedmiotowe
    • Filozofia nauki
    • 2
    • Źródło terminu
    • DBN
    • 9
    • KHW
    • 731391
650 -Hasło przedmiotowe [ ,7]
    • a
    • Hasło przedmiotowe
    • Nauka i badania
    • 2
    • Źródło terminu
    • DBN
    • 9
    • KHW
    • 721685
655 -Hasło w funkcji tematu formalnego [ ,7]
    • a
    • Hasło
    • Monografia
    • 2
    • Źródło terminu
    • DBN
    • 9
    • KHW
    • 721273
658 -Ujęcie treści [ , ]
    • a
    • dziedzina nauki i sztuki/ sfera aktywności życiowej
    • Filozofia i etyka
980 -Symbol UKD [ , ]
    • a
    • UKD
    • 165:167/168
700 -Hasło dodatkowe - nazwa osobowa [1, ]
    • a
    • Nazwa osobowa (NP)
    • Niklas, Urszula. Find
    • e
    • Określenie rodzaju współpracy
    • Tł.
    • 9
    • KHW
    • 27600
710 -Hasło dodatkowe - nazwa ciała zbiorowego [2, ]
    • a
    • Nazwa ciała zbiorowego lub nazwa geograficzna jako pierwszy element (NP)
    • Fundacja Aletheia.
    • 4
    • Kod relacji
    • pbl
    • 9
    • KHW
    • 66009
920 -ISBN [ , ]
    • a
    • ISBN
    • 83-89372-01-0 Find
Data inwentaryzacji Lokalizacja Status udost. Numer inwentarzowy Sygnatura
2014-02-24T-2T.14892T.14892